Statistics for Mystery Category #5

Click here to take the quiz!

General Stats

  • This quiz has been taken 65 times
  • The average score is 8 of 13

Answer Stats

Lose a Letter, UnscrambleNew Word% Correct
AUNTTAN
100%
PULPIERPURPLE
83%
WITHERWHITE
81%
ENERGYGREEN
79%
LODGEGOLD
78%
Mystery CategoryCOLORS
78%
FANCYCYAN
76%
OUTLIVEVIOLET
73%
DOORMANMAROON
63%
PEANUTTAUPE
52%
CRUELECRU
48%
UNCLEAREDCERULEAN
17%
INDIRECTCITRINE
3%

Score Distribution

Percentile by Number Answered

Percent of People with Each Score

Your Score History

You have not taken this quiz